| 000 | 00929nam a2200205Ii 4500 | ||
|---|---|---|---|
| 003 | JO-AjNU | ||
| 008 | 230605s9999||||xx |||||||||||||| ||und|| | ||
| 020 | _a9960-24-592-6 | ||
| 040 |
_aJO-AjNU _bara _erda _cJO-AjNU |
||
| 041 | _aara | ||
| 050 | 1 | 4 | _aHD30.2.2007 |
| 100 | 3 |
_aلطفي،فاهيد/كارل بيجلز؛تعريب سرور علي ابراهيم سرور؛تقديم عبدالمنعم ابراهيم العبد المنعم؛مراجعة محمد يحيى عبد الرحمن, _eauthor _931416 |
|
| 245 | 0 | 0 | _aنظم دعم القرارات لادارة العمليات،بحوث العمليات=Decision Support Systems Operations Management and Management Science |
| 264 | 3 | 1 | _aالرياض:دار المريخ للنشر ،2007 |
| 300 | _a573ص | ||
| 336 |
_atext _btxt _2rdacontent |
||
| 337 |
_aunmediated _bn _2rdamedia |
||
| 338 |
_avolume _bnc _2rdacarrier |
||
| 650 | 4 |
_aادارة اعمال _931417 |
|
| 999 |
_aA12564 _c16132 _d16132 |
||